Sports Quiz

Random Sports Quiz

Cleveland Browns WR's since 1999 Quiz Stats

Quiz not verified by Sporcle

Challenge
Share
Tweet
Embed
Score 0/31 Timer 10:00
0 Plays Today
% Correct
Braylon Edwards
97%
Kevin Johnson
79.6%
JaJuan Johnson
74.7%
Mohamed Massaquoi
64.7%
Dennis Northcutt
63.6%
Josh Cribbs
58%
Quincy Morgan
51.7%
Brian Robiskie
48.7%
Andre Davis
41.6%
Zola Davis
39.4%
Frisman Jackson
38.3%
Lezlie Jackson
37.5%
Joe Jurevicius
34.6%
Antonio Bryant
34.6%
Chansi Stuckey
29.7%
Donte Stallworth
25.3%
% Correct
Andre King
18.6%
Darrin Chiaverini
17.5%
Mike Furrey
14.5%
Travis Wilson
14.5%
Bobby Brown
13.8%
Syndric Steptoe
13%
Tim Carter
11.5%
Carlton Mitchell
10.8%
David Patten
7.1%
Leslie Shepherd
7.1%
Steve Sanders
6.7%
Sam Aiken
1.9%
Jammi German
1.5%
David Dunn
1.1%
Damon Dunn
1.1%

You're not logged in!

Compare scores with friends on all Sporcle quizzes.
Sign Up with Email
OR
Log In

You Might Also Like...

Show Comments

Extras

Top Quizzes Today


Score Distribution

Your Account Isn't Verified!

In order to create a playlist on Sporcle, you need to verify the email address you used during registration. Go to your Sporcle Settings to finish the process.